00558nam a2200169Ia 4500008004100000020001800041041000800059082001700067100002400084245006500108250000600173260003900179300001300218650001200231999001900243952012600262210716s2009 xx 000 0 und d a9788132102427 aeng a332.632 SHAV aSharan, Vyuptakesh. aIndias financial sector: an era of reforms.bEra of reforms. a1 aNew DelhibSage Publicationsc2009 axxxi,236 aFinance c207868d207868 001040708MBAaAIMITbAIMITd2013-02-04g675.00l0o332.632 SHAVpMBA10434r2026-05-23 00:00:00v506.25w2021-07-16yBK